| 000 | 00000nam 2200000za 4500 |
| 001 | 9.822472 |
| 003 | CaOODSP |
| 005 | 20221107143703 |
| 007 | cr ||||||||||| |
| 008 | 160811s1994 onc #o f100 0 fre d |
| 040 | |aCaOODSP|bfre |
| 043 | |an-cn--- |
| 086 | 1 |aCH57-4/5-1994F-PDF |
| 111 | 2 |aLes vernis authenticité et stabilité colloque |d(1994 : |cOttawa, Ont.) |
| 245 | 14|aLes vernis, authenticité et stabilité, colloque, 19 au 20 septembre 1994 |h[ressource électronique] / |cpar Leslie Carlyle et James Bourdeau. |
| 260 | |a[Ottawa] : |bPatrimoine canadien :|bInstitut canadien de conservation, |cc1994. |
| 300 | |a14, [2] p. |
| 500 | |aÉdition numérisée en 2013 de l’imprimé par l'Institut canadien de conservation. |
| 504 | |aComprend des réf. bibliogr. |
| 520 | 0 |aLes 13 communications présentées durant le colloque couvrent une vaste gamme de problèmes liés au vernissage des peintures à l’huile, y compris les avantages et les inconvénients de divers revêtements de surface et les méthodes permettant d’augmenter la longévité des résines traditionnelles et la stabilité des nouvelles résines synthétiques. |
| 692 | 07|2gccst|aĹ’uvre d'art |
| 692 | 07|2gccst|aConservation |
| 692 | 07|2gccst|aRestauration |
| 693 | 4|arésines sythétiques |
| 693 | 4|arésines naturelles |
| 693 | 4|ajaunissement |
| 693 | 4|aabsorbeurs UV |
| 693 | 4|apeintures italienes anciennes |
| 700 | 1 |aCarlyle, Leslie. |
| 700 | 1 |aBourdeau, James. |
| 710 | 1 |aCanada.|bPatrimoine canadien. |bInstitut canadien de conservation. |
| 775 | 08|tVarnishes, Authenticity and Permanence Colloquium, 19-20 September 1994 |w(CaOODSP)9.822771 |
| 856 | 40|qPDF|s1.74 Mo|uhttps://publications.gc.ca/collections/collection_2016/pch/CH57-4-5-1994-fra.pdf |